Anglizismen – Sprachbereicherung oder Sprachverfall?

Riešenie otázky, či sú anglicizmy v nemeckom jazyku jeho obohatením alebo skôr jeho úpadkom. Analýza textov a prác lingvistov zaoberajúcich sa touto problematikou. Výhody a nevýhody používania anglicizmov v nemeckom jazyku.

Guardado en:
Detalles Bibliográficos
Autor principal: Seresová, Katarína, 1967-
Formato: Capítulo de libro
Lenguaje:alemán
Materias:
Etiquetas: Agregar Etiqueta
Sin Etiquetas, Sea el primero en etiquetar este registro!

MARC

LEADER 00000naa$a2200000$$$4500
001 0276647
005 20240502074321.8
041 0 |a ger 
044 |a SK 
245 1 0 |a Anglizismen – Sprachbereicherung oder Sprachverfall?  |c Katarína Seresová 
520 |a Riešenie otázky, či sú anglicizmy v nemeckom jazyku jeho obohatením alebo skôr jeho úpadkom. Analýza textov a prác lingvistov zaoberajúcich sa touto problematikou. Výhody a nevýhody používania anglicizmov v nemeckom jazyku. 
610 2 0 |a jazykoveda 
610 2 0 |a jazyky cudzie 
610 2 0 |a angličtina 
610 2 0 |a nemčina 
610 2 0 |a zásoba slovná 
610 2 0 |a slovotvorba 
610 2 0 |a lexikológia 
100 1 |a Seresová, Katarína, 1967-